LEADER 01284nam a2200325 a 4500 001 000000123514 003 CaOOAMICUS 005 20101022150754.0 008 101022t2009 it ab u000 u ita r 020 $a978-88-370-6398-6 040 $aPUL$bita 082 04$a909 100 1 $aLocatelli, Davide.$0(OLS)http://pul/name/77792 245 10$aEtruschi /$cDavide Locatelli Fulvia Rossi. 260 $aMilano :$bElecta,$c©2009. 300 $a383 p. :$bill., c. geogr. ;$c20 cm. 490 1 $aDizionari delle civiltą 504 $aInclude bibliografia ed indice. 650 4$aEtruschi$xStoria.$0(OLS)http://pul/subject/36001 650 4$aEtruschi$xVita e costumi sociali.$0(OLS)http://pul/subject/10638 700 1 $aRossi, Fulvia.$0(OLS)http://pul/name/77793 830 0$aDizionari delle civiltą.$0(OLS)http://pul/title/155655 850 $aPUL 852 $aPUL$W1$xDP2 Filosofia 3$y112$m909 COLL 4.12$j142181$qDDC 21$B141155$CPULBib$Z2$F141155 $H115040 $82 941 1 $a9 996 $6020$a978-88-370-6398-6$9(OLS)http://pul/number/145708 996 $6082$a909$9(OLS)http://pul/classification/566 996 $6245$aEtruschi$9(OLS)http://pul/title/155664 996 $6260$aMilano :$bElecta$9(OLS)http://pul/publisher/48480 LEADER 01726namaa2200385 i 4500 001 000000177738 003 CaOOAMICUS 005 20250506140542.0 007 tu 008 250506s2017 it da 000 u ita r 020 $z978-88-917-5169-0* 040 $aPUL$bita$erda 082 00$a658.4 100 1 $aPanetti, Rino,$eautore.$0(OLS)http://pul/name/114358 245 10$aTheory U, learning organizations e design thinking :$bstrategie, strumenti e tecniche per l'innovazione profonda /$cRino Panetti. 264 4$c©2011. 264 1$aMilano :$bFrancoAngeli,$c[2017] 300 $aXIV, 216 pagine :$bgrafici, illustrazioni ;$c23 cm 336 $atesto$btxt$2rdacontent 337 $asenza mediazione$bn$2rdamedia 338 $avolume$bnc$2rdacarrier 490 1 $aManagement tools$a136 504 $aBibliografia in nota a fine paragrafo. 650 4$aManagement.$0(OLS)http://pul/subject/25573 650 4$aAziende$xInnovazione tecnologica.$0(OLS)http://pul/subject/46987 830 0$aManagement tools$b(FrancoAngeli) ;$v136.$0(OLS)http://pul/title/219278 850 $aPUL 852 $aPUL$W1$xSL Cons. Gen., Altre Classi 3$y75$m658. 4 PANRI 1$j201670$qDDC 21$B206712$CPULBib$Z2$F206712 $H137822 $82 941 1 $a9 996 $6020$z978-88-917-5169-0*$9(OLS)http://pul/number/170341 996 $6082$a658.4$9(OLS)http://pul/classification/1928 996 $6245$aTheory U, learning organizations e design thinking :$bstrategie, strumenti e tecniche per l'innovazione profonda$9(OLS)http://pul/title/219277 996 $6264$aMilano :$bFrancoAngeli$9(OLS)http://pul/publisher/66898 996 $6264$a[S.l.] :$b[s.n.]$9(OLS)http://pul/publisher/0